000
00281nam a22001337a 4500
008
181219b xxu||||| |||| 00| 0 eng d
020
_a
9780679745891
041
_a
eng
080
_a
371
100
_a
46
101
_a
EDU
245
_a
Word Smart
_c
Robinson,A
942
_2
udc
_c
BK
999
_c
53515
_d
53515